00666 a2200193 4500020002500000050001900025100003500044245009100079250002000170264004700190300002300237336002600260337002800286338002700314504006700341650001400408650001900422700003100441 a9780199693061 (pbk.)00aD840bYOU 20131 aYoung, John W.,d1957-eauthor10aInternational relations since 1945 :ba global history /cJohn W. Young and John Kent. aSecond Edition. 1aOxford :bOxford University Press,c[2013] axxxii, 659 pages ; atext2rdacontentbtxt aunmediated2rdamediabn avolume2rdacarrierbnc aIncludes bibliographical references (pages 625-640) and index. 0aCold War. 0aWorld politics1 aKent, John,d1949-eauthor